| 000 | 01321nam a2200265Ia 4500 | ||
|---|---|---|---|
| 999 |
_c34732 _d34732 |
||
| 001 | 519 | ||
| 003 | GE_BSU | ||
| 005 | 20200122144558.0 | ||
| 008 | 181216s2009||||ge |||||||||||||| ||geo|| | ||
| 020 | _a9789941019043 | ||
| 040 | _cGE_BSU | ||
| 041 | _ageo | ||
| 080 | _a616.8(075.8) ჯ-22 | ||
| 100 |
_aჯანელიძე, მარინე _96316 |
||
| 245 |
_aკლინიკური ნევროლოგია : _bსტუდენტებისთვის, რეზიდენტებისთვის, ექიმებისთვის / _c მარინე ჯანელიძე ; [თანამონაწილენი: სოფიო აფრიდონიძე, სოფიო ბახტაძე, მაია ბერიძე [და სხვ.]]. |
||
| 264 |
_aთბილისი : _bკალიქსი, _c2009. |
||
| 300 |
_a724 გვ.: _bილ.; _c26 სმ. |
||
| 541 | _h40 ლ. | ||
| 653 | _aნევროლოგია | ||
| 653 | _aმედიცინა | ||
| 700 |
_aაფრიდონიძე, სოფიო _eავტორი _96317 |
||
| 700 |
_aბახტაძე, სოფიო _eავტორი _96318 |
||
| 700 |
_a ბერიძე, მაია და სხვ. _eავტორი _96319 |
||
| 942 |
_cBK _2udc |
||